বিষয়বস্তু এড়িয়ে যান

Экономика организации: практикум

В учебном издании представлены задачи для практических занятий и самостоятельной подготовки обучающихся по дисциплине «Экономика организации», вопросы для обсуждения, а также примеры решения задач. Задания практикума направлены на формирование и закрепление умений, практических навыков использования...

সম্পূর্ণ বিবরণ

সংরক্ষণ করুন:
গ্রন্থ-পঞ্জীর বিবরন
বিন্যাস: Книга
ভাষা:Russian
প্রকাশিত: Нижний Новгород НГИЭУ 2024
অনলাইন ব্যবহার করুন:https://e.lanbook.com/book/421874
https://e.lanbook.com/img/cover/book/421874.jpg
ট্যাগগুলো: ট্যাগ যুক্ত করুন
কোনো ট্যাগ নেই, প্রথমজন হিসাবে ট্যাগ করুন!
LEADER 01837nam0a2200253 i 4500
001 421874
003 RuSpLAN
005 20240718121224.0
008 240718s2024 ru gs 000 0 rus
040 |a RuSpLAN 
041 0 |a rus 
044 |a ru 
080 |a 332.1 
084 |a 65.291  |2 rubbk 
245 0 0 |a Экономика организации: практикум 
260 |a Нижний Новгород  |b НГИЭУ  |c 2024 
300 |a 64 с. 
504 |a Библиогр.: доступна в карточке книги, на сайте ЭБС Лань 
520 8 |a В учебном издании представлены задачи для практических занятий и самостоятельной подготовки обучающихся по дисциплине «Экономика организации», вопросы для обсуждения, а также примеры решения задач. Задания практикума направлены на формирование и закрепление умений, практических навыков использования теоретических знаний в конкретных условиях. Учебное издание предназначено для обучающихся направлений подготовки 38.03.02 Менеджмент, 38.05.01 Экономическая безопасность высшего образования очной и очно-заочной формы обучения. 
521 8 |a Книга из коллекции НГИЭУ - Экономика и менеджмент 
521 8 |a СЭБ 
856 4 |u https://e.lanbook.com/book/421874 
856 4 8 |u https://e.lanbook.com/img/cover/book/421874.jpg 
953 |a https://e.lanbook.com/img/cover/book/421874.jpg